000 00403nam a22001457a 4500
008 250304b |||||||| |||| 00| 0 eng d
020 _a9781544371825
050 _aHJ257.3
_bF56
100 _aFinkler Steven A
245 _aFinancial Management for Public Health and Not-for Profit Organisation
250 _a6th
260 _aCalifornia
_bSage Publication Inc
_c2020
300 _axx,608p
942 _cBK
999 _c2076
_d2076